000 00596nam a2200229Ia 4500
003 OSt
005 20220928102336.0
006 a|||||r|||| 00| 0
007 ta
008 220927b |||||||| |||| 00| 0 eng d
024 _a61450
037 _cTextual
040 _aSDCL
_cSDCL
_beng
041 _2eng
_aeng
082 _aO152,3N21,2, L5
100 _aRenu Fanishwarnath
_9397825
245 0 _aJulus.
260 _aNew Delhi
_bBhartiye Gyanpeeth
_c1975
300 _a155p
_ccm.
942 _hO152,3N21,2, L5
_cTEXL
_2CC
999 _c713643
_d713643